| 000 | 004280000a22001690004500 | ||
|---|---|---|---|
| 003 | MACL | ||
| 005 | 20151230170624.0 | ||
| 008 | 151230b xxu||||| |||| 00| 0 eng d | ||
| 040 |
_aMACL _cMACL |
||
| 041 | _aEnglish | ||
| 082 | _a294.4/FIE | ||
| 100 |
_aField, Dorothy _925288 |
||
| 245 | _aThe Religion of the Sikh | ||
| 260 |
_bJohn Murray, Albmarle Street _c1914 |
||
| 650 |
_aReligion _925289 |
||
| 942 |
_cBK _k294.4/FIE _2ddc |
||
| 999 |
_c38837 _d38837 |
||